000
00282nam a22001337a 4500
008
170809b xxu||||| |||| 00| 0 eng d
020
_a
752063321409
041
_a
eng
080
_a
004
100
_a
35
101
_a
SHK
245
_a
FRONTPAGE 2002
_c
HELTZEL,P
942
_2
udc
_c
BK
999
_c
23012
_d
23012